Ingeniería mecánica : estática.

Bibliographic Details
Main Author: Hibbeler, Russell Charles
Format: Section = Libro
Language:Undetermined
Spanish
Published: México McGraw-Hill 2016
Edition:14a.ed.
Subjects:
LEADER 00650nam a2200229Ia 4500
008 240829s9999 xx 000 0 und d
020 |a 978-607-32-3707-9 
040 |a BIBLIOTECA-RUPAP 620.1 H624 
041 |a spa 
082 |a 620.1 H624 
100 1 |a Hibbeler, Russell Charles 
245 1 0 |a Ingeniería mecánica : estática. 
250 |a 14a.ed. 
260 |a México  |b McGraw-Hill  |c 2016 
300 |a 678 p. :il. 
650 7 |a INGENIERIA MECANICA - ESTATICA 
650 7 |b  VECTORES DE FUERZA 
650 7 |c  EQUILIBRIO DE UNA PARTICULA 
650 7 |d  EQUILIBRIO DE UN CUERPO RIGIDO. I. Tít. 
942 |c BK  |2 ddc 
991 |a TEXTO 
999 |c 7868